<?xml version="1.0" encoding="UTF-8"?><?xml-stylesheet type="text/xsl" href="static/style.xsl"?><OAI-PMH xmlns="http://www.openarchives.org/OAI/2.0/" xmlns:xsi="http://www.w3.org/2001/XMLSchema-instance" xsi:schemaLocation="http://www.openarchives.org/OAI/2.0/ http://www.openarchives.org/OAI/2.0/OAI-PMH.xsd"><responseDate>2026-04-17T16:12:03Z</responseDate><request verb="GetRecord" identifier="oai:www.recercat.cat:11351/11835" metadataPrefix="marc">https://recercat.cat/oai/request</request><GetRecord><record><header><identifier>oai:recercat.cat:11351/11835</identifier><datestamp>2025-11-27T07:29:32Z</datestamp><setSpec>com_2072_451661</setSpec><setSpec>com_2072_378040</setSpec><setSpec>col_2072_451664</setSpec></header><metadata><record xmlns="http://www.loc.gov/MARC21/slim" xmlns:dcterms="http://purl.org/dc/terms/" xmlns:xsi="http://www.w3.org/2001/XMLSchema-instance" xmlns:doc="http://www.lyncode.com/xoai" xsi:schemaLocation="http://www.loc.gov/MARC21/slim http://www.loc.gov/standards/marcxml/schema/MARC21slim.xsd">
   <leader>00925njm 22002777a 4500</leader>
   <datafield ind2=" " ind1=" " tag="042">
      <subfield code="a">dc</subfield>
   </datafield>
   <datafield ind2=" " ind1=" " tag="720">
      <subfield code="a">Comellas Fernandez, Laura</subfield>
      <subfield code="e">author</subfield>
   </datafield>
   <datafield ind2=" " ind1=" " tag="720">
      <subfield code="a">Congost Devesa, Laura</subfield>
      <subfield code="e">author</subfield>
   </datafield>
   <datafield ind2=" " ind1=" " tag="720">
      <subfield code="a">Fontova-Almató, Aurora</subfield>
      <subfield code="e">author</subfield>
   </datafield>
   <datafield ind2=" " ind1=" " tag="260">
      <subfield code="c">2024-08-19T07:17:36Z</subfield>
   </datafield>
   <datafield ind2=" " ind1=" " tag="260">
      <subfield code="c">2024-08-19T07:17:36Z</subfield>
   </datafield>
   <datafield ind2=" " ind1=" " tag="260">
      <subfield code="c">2024-06-06</subfield>
   </datafield>
   <datafield ind2=" " ind1=" " tag="520">
      <subfield code="a">Notificació; Incident; Seguretat del Pacient</subfield>
   </datafield>
   <datafield ind2=" " ind1=" " tag="520">
      <subfield code="a">Notificación; Incidente; Seguridad del paciente</subfield>
   </datafield>
   <datafield ind2=" " ind1=" " tag="520">
      <subfield code="a">Notification; Incident; Patient Safety</subfield>
   </datafield>
   <datafield ind2=" " ind1=" " tag="520">
      <subfield code="a">Es tracta d'un estudi observacional, descriptiu i transversal que  tenia com a objectiu identificar els coneixements dels professionals d'un Hospital Comarcal envers els incidents de seguretat i els esdeveniments adversos (EA). Es va utilitzar com a instrument de recollida de dades un qüestionari ad hoc adaptat. Els resultats van mostrar que 8 de cada 10 professionals sabien què és un incident de seguretat, així com 7 de cada 10 coneixien la tasca de la comissió de seguretat de pacient del centre. No obstant això, es va observar un baix nivell de notificació, així com un nivell baix de coneixement de l'eina de notificació. També es va trobar un baix nivell de comunicació dels EA envers els pacients i falses creences  envers la repercussió d'aquesta comunicació.</subfield>
   </datafield>
   <datafield ind2=" " ind1=" " tag="520">
      <subfield code="a">Se trata de un estudio observacional, descriptivo y transversal que tenía como objetivo identificar los conocimientos de los profesionales de un Hospital Comarcal sobre los incidentes de seguridad y los eventos adversos (EA). Se utilizó como instrumento de recogida de datos un cuestionario ad hoc adaptado. Los resultados mostraron que 8 de cada 10 profesionales sabían qué es un incidente de seguridad, así como 7 de cada 10 conocían la labor de la comisión de seguridad de paciente del centro. Sin embargo, se observó un bajo nivel de notificación, así como un nivel bajo de conocimiento de la herramienta de notificación. También se encontró un bajo nivel de comunicación de los EA hacia los pacientes y falsas creencias hacia la repercusión de esta comunicación.</subfield>
   </datafield>
   <datafield ind2=" " ind1=" " tag="520">
      <subfield code="a">This is an observational, descriptive and cross-sectional study that aimed to identify the knowledge of professionals at a Regional Hospital about safety incidents and adverse events (AEs). An adapted ad hoc questionnaire was used as a data collection instrument. The results showed that 8 out of 10 professionals knew what a safety incident was, as well as 7 out of 10 knew the work of the center's patient safety commission. However, a low level of notification was observed, as well as a low level of knowledge of the notification tool. A low level of communication from the AEs towards patients and false beliefs regarding the impact of this communication were also found.</subfield>
   </datafield>
   <datafield tag="653" ind2=" " ind1=" ">
      <subfield code="a">Efectes secundaris</subfield>
   </datafield>
   <datafield tag="653" ind2=" " ind1=" ">
      <subfield code="a">Salut pública - Personal</subfield>
   </datafield>
   <datafield tag="653" ind2=" " ind1=" ">
      <subfield code="a">Coneixements</subfield>
   </datafield>
   <datafield tag="653" ind2=" " ind1=" ">
      <subfield code="a">HEALTH CARE::Health Care Facilities, Manpower, and Services::Health Services::Medical Errors::Medication Errors::Health Care Facilities, Manpower, and Services::Health Services::Medical Errors::Near Miss, Healthcare</subfield>
   </datafield>
   <datafield tag="653" ind2=" " ind1=" ">
      <subfield code="a">NAMED GROUPS::Persons::Occupational Groups::Health Personnel</subfield>
   </datafield>
   <datafield tag="653" ind2=" " ind1=" ">
      <subfield code="a">HEALTH CARE::Environment and Public Health::Public Health::Accidents::Accident Prevention::Safety::Patient Safety</subfield>
   </datafield>
   <datafield tag="653" ind2=" " ind1=" ">
      <subfield code="a">HEALTH CARE::Health Services Administration::Organization and Administration::Risk Management::Safety Management</subfield>
   </datafield>
   <datafield tag="653" ind2=" " ind1=" ">
      <subfield code="a">ENFERMEDADES::trastornos inducidos químicamente::efectos colaterales y reacciones adversas relacionados con medicamentos</subfield>
   </datafield>
   <datafield tag="653" ind2=" " ind1=" ">
      <subfield code="a">ATENCIÓN DE SALUD::instalaciones, servicios y personal de asistencia sanitaria</subfield>
   </datafield>
   <datafield tag="653" ind2=" " ind1=" ">
      <subfield code="a">ATENCIÓN DE SALUD::ambiente y salud pública::salud pública::accidentes::prevención de accidentes::seguridad::seguridad del paciente</subfield>
   </datafield>
   <datafield tag="653" ind2=" " ind1=" ">
      <subfield code="a">ATENCIÓN DE SALUD::administración de los servicios de salud::organización y administración::gestión de riesgos::gestión de la seguridad</subfield>
   </datafield>
   <datafield ind2="0" ind1="0" tag="245">
      <subfield code="a">Coneixements dels professionals d’un Hospital Comarcal envers els incidents de seguretat dels pacients</subfield>
   </datafield>
</record></metadata></record></GetRecord></OAI-PMH>